000 00755nam a22001937a 4500
005 20251108165220.0
008 250721s1986 xx 000 0 ara d
082 1 4 _a818.089/كما
100 1 _aاليازجي، كمال
245 1 0 _aالأساليب الأدبية في النثر العربي القديم :
_bمن عصر علي بن أبي طالب إلى عصر إبن خلدون 600 - 1400 /
264 1 _aبيروت :
_bدار الجيل،
_c1986.
300 _a230ص
500 _aالمحتويات : مع نصوص من روائع بلغاء الكتاب للدرس و التحليل
650 1 7 _aالأدب العربي
650 1 7 _aالنثر العربي
650 1 7 _aالنقد الأدبي
942 _2ddc
_cBK
999 _c22331
_d22331